Представление документа в формате RUSMARC

ПолеНазваниеЗначение
  Тип записи a
  Библиографический уровень a
001 Контрольный номер b9dc8749fc6a4277a63484417c2ff6b9
005 Дата корректировки 20260421103211.8
100 Данные общей обработки __
a Данные общей обработки 20260421 ||| 0rusy0189 ca
101 Язык документа 0_
a Язык текста rus
102 Страна публикации __
a Страна публикации RU
200 Заглавие и сведения об ответственности 1_
a Заглавие Храм многострадальный
e Сведения, относящиеся к заглавию [история храма Христа Спасителя]
f Первые сведения об ответственности А. Яковлев
461 Уровень набора _0
1 2000
a Будь здоров!
463 Уровень физической единицы _0
1 2000
a № 3
v С. 83-88 : ил.
1 2101
d 2026
1 001d8537e6f1b71483e9c9b4afe055373dc
600 Персоналии _1
a Персоналии (Фамилия) Александр I
600 Персоналии _1
a Персоналии (Фамилия) Николай I
600 Персоналии _1
a Персоналии (Фамилия) Александр III
600 Персоналии _1
a Персоналии (Фамилия) Тон
g Полное имя Константин
600 Персоналии _1
a Персоналии (Фамилия) Иофан
g Полное имя Борис
600 Персоналии _1
a Персоналии (Фамилия) Чечулин
g Полное имя Дмитрий
606 Тематические рубрики 0_
a Основная рубрика Православные храмы
y Географическая подрубрика Москва
z Хронологическая подрубрика 19-20 вв.
610 Ключевые слова 0_
a Ключевые слова православные храмы, история храмов, церкви, соборы, храм Христа Спасителя, строительство храмов, Отечественная война 1812 года, разрушение храмов, Дворец Советов, бассейн Москва, восстановление храмов, архитекторы
686 Индексы других классификаций __
a Классификационный индекс 86.372-65
700 Автор _1
a Фамилия Яковлев
b Имя (инициалы) А.
g Полное личное имя Александр
801 Источник записи _0
a Страна RU
b Организация УОБДЮ
c Дата составления 20260421
g Правила каталогизации RCR
801 Источник записи _1
a Страна RU
b Организация УОБДЮ
c Дата составления 20260421
g Правила каталогизации RCR
901 Тип документа __
t Тип документа b
w Контрольный № источника d8537e6f1b71483e9c9b4afe055373dc
905 Данные по созданию БЗ __
b Логин пользователя, который создал БЗ ibo3